| 000 | 00439cam a2200169ua 4500 | ||
|---|---|---|---|
| 041 |
_aeng _h |
||
| 082 |
_a006.3 _bRUS/AR |
||
| 100 | _aRussell, Stuart . | ||
| 245 |
_aArtificial intelligence: A modern approach / _cStuart Russell. _hTextual Documents |
||
| 250 |
_a2 / _b. |
||
| 260 |
_a : _bPearson Education Asia , _c2006. |
||
| 300 | _a1050 ; . | ||
| 504 | _a | ||
| 700 | 1 | _aNorvig, Peter . | |
| 942 | _cBK | ||
| 999 |
_c13159 _d13159 |
||